Tilastot visalle Maailman pääkaupungit lähinnä Amsterdamia - minuutin sprintti

Klikkaa tästä pelataksesi tätä visaa!

Yleistilastot

  • Tätä visaa on pelattu 7 kertaa
  • Keskiarvotulos 12 / 20

Vastaustilastot

kmpääkaupunki% Oikein
578Berliini
100%
173Bryssel
100%
358Lontoo
86%
319Luxemburg
86%
430Pariisi
86%
622Kööpenhamina
71%
979Monaco
71%
1126Andorra la Vella
57%
756Dublin
57%
713Praha
57%
1098Varsova
57%
936Wien
57%
631Bern
43%
914Oslo
43%
1125Tukholma
43%
670Vaduz
43%
987Bratislava
29%
989Ljubljana
29%
1091San Marino
29%
1086Zagreb
14%

Tulosjakauma

Persentiili vastausten määrän mukaan

Jokaisen tuloksen saaneiden osuus

Tuloshistoriasi

Et ole pelannut tätä visaa